000 00585cam a22002051 4500
001 ca 09002014
003 DLC
005 20260227111048.0
008 791128s1883 nyu 000 1 eng
010 _aca 09002014
035 _a(OCoLC)5737093
040 _aDLC
_cCoDU
_dDLC
042 _apremarc
050 0 0 _aPZ3.M126
_bM2
_aPR4964.M49
100 1 _aMcCarthy, Justin,
_d1830-1912.
245 1 0 _aMaid of Athens.
_bA novel.
_cBy Justin McCarthy.
260 _aNew York,
_bHarper & brothers
_c[1883]
300 _a76 p.
_c30 cm.
490 0 _aHarper's Franklin square library,
_vno. 345
999 _c13908
_d13908